Normal view MARC view

Entry Topical Term

Number of records used in: 1

001 - CONTROL NUMBER

  • control field: 15449

003 - CONTROL NUMBER IDENTIFIER

  • control field: dpl

005 - DATE AND TIME OF LATEST TRANSACTION

  • control field: 20100820120445.0

008 - FIXED-LENGTH DATA ELEMENTS

  • fixed length control field: 100820|||a|||||| | ||| d

040 ## - CATALOGING SOURCE

  • Original cataloging agency: dpl
  • Transcribing agency: dpl

150 ## - HEADING--TOPICAL TERM

  • Topical term or geographic name as entry element:
  • Geographic subdivision: India - Tamil Nadu

670 ## - SOURCE DATA FOUND

  • Source citation: Work cat.: (dpl): Arulselvam, M. 15448, The Tamil Nadu prohibition act, 1937 with the Tamil Nadu liquor (retail vending) rules, 1989 :, 2001

670 ## - SOURCE DATA FOUND

  • Source citation: Work cat.: (dpl): Arulselvam, M. 15448, The Tamil Nadu prohibition act, 1937 with the Tamil Nadu liquor (retail vending) rules, 1989 :, 2001

© Delhi Public Library
Hit Counter
free hit counter